<?xml version="1.0" encoding="UTF-8"?>
<marc:record xmlns:marc="http://www.loc.gov/MARC21/slim">
   <marc:leader>00000nam a2200000 a 4500</marc:leader>
   <marc:datafield ind1=" " ind2=" " tag="653">
      <marc:subfield code="a">mit App spielbar</marc:subfield>
   </marc:datafield>
   <marc:datafield ind1=" " ind2=" " tag="653">
      <marc:subfield code="a">ab 6 Jahre</marc:subfield>
   </marc:datafield>
   <marc:datafield ind1="0" ind2="0" tag="245">
      <marc:subfield code="a">Scubi Sea Story</marc:subfield>
   </marc:datafield>
   <marc:datafield ind1="0" ind2="0" tag="245">
      <marc:subfield code="b">Das Logik Spiel für Groß und Klein</marc:subfield>
   </marc:datafield>
   <marc:datafield ind1=" " ind2="1" tag="264">
      <marc:subfield code="b">Rudy Games</marc:subfield>
      <marc:subfield code="c">2019</marc:subfield>
   </marc:datafield>
   <marc:datafield ind1="1" ind2=" " tag="520">
      <marc:subfield code="a">SCUBI SEA STORY - Das Logik Spiel für Groß und Klein&#xD;
Tauche ein in eine bunte Unterwasserwelt und begleite Scubi das Seepferdchen durch das zauberhafte Korallenriff. Beschütze Scubi und seine Freunde vor den Gefahren des tiefen Meeres, denn Vorsicht ist geboten, wenn der große weiße Hai seine Runden dreht. Worauf wartest du noch? Auf die Plätze, fertig, abtauchen!&#xD;
Die App unterstützt beim Spieleinstieg und steuert den&#xD;
gesamten Spielablauf. So können Kinder auch ohne Hilfe&#xD;
der Eltern einfach losspielen.</marc:subfield>
   </marc:datafield>
   <marc:datafield ind1="3" ind2=" " tag="024">
      <marc:subfield code="a">9120059810205</marc:subfield>
   </marc:datafield>
   <marc:datafield ind1=" " ind2=" " tag="041">
      <marc:subfield code="a">ger</marc:subfield>
   </marc:datafield>
   <marc:datafield ind1=" " ind2=" " tag="338">
      <marc:subfield code="a">Gegenstand</marc:subfield>
   </marc:datafield>
</marc:record>
